[Event "Korosztályos Bajnokság u12f"]
[Site "Balatonlelle"]
[Date "2015.06.21"]
[Round "5.8"]
[White "Dibusz, Domonkos"]
[Black "Bartok, David Dominik"]
[Result "1/2-1/2"]
[WhiteElo "1656"]
[BlackElo "1560"]
[PlyCount "84"]
[EventDate "2015.06.18"]
[EventType "swiss"]
[EventRounds "9"]
[EventCountry "HUN"]

1. e4 c6 2. d4 d5 3. Nc3 dxe4 4. Nxe4 Bf5 5. Ng3 Bg6 6. h4 h6 7. Nf3 Nf6 8. h5
Bh7 9. Bd3 Bxd3 10. Qxd3 e6 11. Bd2 Nbd7 12. O-O-O Bd6 13. Rhe1 Bxg3 14. fxg3
Qe7 15. Nh4 O-O-O 16. Bf4 Qb4 17. a3 Qa5 18. c4 Nxh5 19. Bd2 Qc7 20. Qf3 Nhf6
21. Qf4 Rde8 22. Qxc7+ Kxc7 23. Nf3 c5 24. Bf4+ Kc8 25. Be5 Rhg8 26. Bd6 cxd4
27. Nxd4 Nb6 28. Nb5 Nxc4 29. Nxa7+ Kd7 30. Bf4+ Ke7 31. Rd4 Ra8 32. Nb5 Rac8
33. Kb1 Rgd8 34. Rc1 Rxd4 35. Nxd4 Nb6 36. Re1 Rc5 37. Nf3 Nbd5 38. Be5 Nc7 39.
b4 Rc4 40. Kb2 Ncd5 41. Nd4 Ng4 42. Bxg7 f6 1/2-1/2

[Event "Korosztályos Bajnokság u12f"]
[Site "Balatonlelle"]
[Date "2015.06.21"]
[Round "5.9"]
[White "Ongut, Tamas Gunes"]
[Black "Blahota, Marcell"]
[Result "1-0"]
[WhiteElo "1703"]
[BlackElo "1472"]
[PlyCount "81"]
[EventDate "2015.06.18"]
[EventType "swiss"]
[EventRounds "9"]
[EventCountry "HUN"]

1. d4 d5 2. Nf3 Nf6 3. g3 e6 4. Bg2 b6 5. O-O Bb7 6. Bg5 Be7 7. c4 Nbd7 8. cxd5
Bxd5 9. Nc3 Bb7 10. Re1 h6 11. Bd2 O-O 12. e4 Re8 13. h3 c5 14. g4 cxd4 15.
Nxd4 Nc5 16. Bf4 Nfd7 17. Bg3 e5 18. Nf5 Qc7 19. Nd5 Bxd5 20. exd5 Bd6 21. Rc1
a5 22. a3 g6 23. Nxh6+ Kg7 24. g5 Qb7 25. Ng4 Qa6 26. Bf1 Qa7 27. Bb5 Rad8 28.
Nf6 Rh8 29. b4 axb4 30. axb4 Na6 31. Ra1 Qb7 32. Bxa6 Qc7 33. Bb5 Bxb4 34. Nxd7
f6 35. gxf6+ Kg8 36. f7+ Kxf7 37. Nxe5+ Kg7 38. Qg4 Bxe1 39. Qxg6+ Kf8 40. Rxe1
Rg8 41. Qf6+ 1-0

[Event "Korosztályos Bajnokság u12f"]
[Site "Balatonlelle"]
[Date "2015.06.21"]
[Round "5.11"]
[White "Palczert, Botond"]
[Black "Karko, Balint"]
[Result "0-1"]
[WhiteElo "1614"]
[BlackElo "1290"]
[PlyCount "114"]
[EventDate "2015.06.18"]
[EventType "swiss"]
[EventRounds "9"]
[EventCountry "HUN"]

1. e4 e5 2. Nc3 Nc6 3. Bc4 Nf6 4. d3 h6 5. Be3 Bb4 6. h3 d5 7. exd5 Nxd5 8. Qf3
Be6 9. Nge2 Nce7 10. O-O f5 11. Nxd5 Nxd5 12. Qh5+ Kf8 13. Rad1 Qf6 14. Bxd5
Bxd5 15. d4 g6 16. Bxh6+ Kf7 17. Qg5 Qxg5 18. Bxg5 Bc4 19. c3 Bxe2 20. cxb4
Bxf1 21. Kxf1 exd4 22. Rxd4 Ke6 23. Rc4 c6 24. Rc3 a5 25. Re3+ Kd5 26. Rd3+ Kc4
27. Rc3+ Kb5 28. Rc5+ Kxb4 29. Be7 Rh7 30. Re5+ Kc4 31. b3+ Kd4 32. Bf6 Kd3 33.
Re3+ Kc2 34. Re2+ Kb1 35. Ke1 Rd7 36. f3 c5 37. a4 Rc8 38. g4 fxg4 39. fxg4 c4
40. bxc4 Rxc4 41. Rb2+ Kc1 42. Rb6 Rb4 43. Bg5+ Kc2 44. Rxg6 Rxa4 45. Re6 Ra1+
46. Kf2 a4 47. Re2+ Kb3 48. h4 a3 49. Re3+ Ka4 50. Kg3 b5 51. Bf6 Rg1+ 52. Kf4
Rf7 53. g5 a2 54. Re8 b4 55. Ra8+ Kb3 56. Kf5 Rh1 57. Kg4 Rxf6 0-1

[Event "Korosztályos Bajnokság u12f"]
[Site "Balatonlelle"]
[Date "2015.06.21"]
[Round "5.12"]
[White "Bernath, Bence"]
[Black "Ronai, Akos Balazs"]
[Result "0-1"]
[WhiteElo "1196"]
[BlackElo "1607"]
[PlyCount "142"]
[EventDate "2015.06.18"]
[EventType "swiss"]
[EventRounds "9"]
[EventCountry "HUN"]

1. e4 c5 2. Nf3 e6 3. d4 cxd4 4. Nxd4 a6 5. c4 Nf6 6. Nc3 d6 7. Be3 Be7 8. Be2
O-O 9. f3 b6 10. Qd2 Bb7 11. O-O Nbd7 12. Rac1 Rc8 13. Nd1 d5 14. cxd5 Rxc1 15.
Qxc1 exd5 16. exd5 Nxd5 17. Nc3 Nxe3 18. Qxe3 Bc5 19. Qd2 Nb8 20. Rd1 Nc6 21.
Kh1 Qxd4 22. Qc2 Qf6 23. Ne4 Qg6 24. Bd3 Qh6 25. Nxc5 bxc5 26. Qxc5 Rd8 27. h3
g6 28. Qb6 Ba8 29. Qxa6 Nb4 30. Qb6 Rxd3 31. Rxd3 Nxd3 32. Qd8+ Kg7 33. Qd4+
Kg8 34. Qd8+ Qf8 35. Qxd3 Qe8 36. Qd2 Bc6 37. b4 Bb5 38. Kg1 Qd7 39. Qxd7 Bxd7
40. Kf2 Kf8 41. Ke3 Ke7 42. Kd4 Kd6 43. a3 Bb5 44. g3 Be2 45. f4 Bb5 46. g4 Bf1
47. h4 Be2 48. f5 Bxg4 49. fxg6 hxg6 50. a4 f5 51. Ke3 Bd1 52. a5 Ba4 53. a6
Kc7 54. Kf4 Kb6 55. Kg5 Kxa6 56. Kxg6 f4 57. h5 f3 58. h6 f2 59. h7 Bc2+ 60.
Kg7 Bxh7 61. Kxh7 f1=Q 62. b5+ Kxb5 63. Kg6 Qf4 64. Kg7 Qf5 65. Kg8 Qf6 66. Kh7
Qg5 67. Kh8 Kc6 68. Kh7 Kd6 69. Kh8 Ke7 70. Kh7 Kf8 71. Kh8 Qg8# 0-1

[Event "Korosztályos Bajnokság u12f"]
[Site "Balatonlelle"]
[Date "2015.06.21"]
[Round "5.13"]
[White "Varga, Boldizsar"]
[Black "Csontos, David"]
[Result "1/2-1/2"]
[WhiteElo "1267"]
[BlackElo "1602"]
[PlyCount "62"]
[EventDate "2015.06.18"]
[EventType "swiss"]
[EventRounds "9"]
[EventCountry "HUN"]

1. d4 Nf6 2. c4 g6 3. Nc3 d5 4. cxd5 Nxd5 5. e4 Nxc3 6. bxc3 Bg7 7. Nf3 c5 8.
Bc4 O-O 9. O-O Qc7 10. Bb3 cxd4 11. cxd4 Rd8 12. Be3 Bg4 13. Rc1 Qd7 14. d5 Na6
15. Qe2 Bxf3 16. Qxf3 Nc7 17. Rc2 Ne8 18. Qe2 a6 19. f3 Rdc8 20. Rfc1 Nd6 21.
Rxc8+ Rxc8 22. Rxc8+ Qxc8 23. Qc2 Qxc2 24. Bxc2 Kf8 25. Kf1 Ke8 26. Bb3 Kd7 27.
Ke2 e6 28. Kd3 b5 29. Bd4 Bf8 30. Bc5 Bg7 31. Bd4 Bf8 1/2-1/2

[Event "Korosztályos Bajnokság u12f"]
[Site "Balatonlelle"]
[Date "2015.06.21"]
[Round "5.14"]
[White "Baski, Barnabas"]
[Black "Szilagyi, Norbert"]
[Result "0-1"]
[WhiteElo "1419"]
[BlackElo "1634"]
[PlyCount "88"]
[EventDate "2015.06.18"]
[EventType "swiss"]
[EventRounds "9"]
[EventCountry "HUN"]

1. e4 c5 2. d4 cxd4 3. c3 dxc3 4. Nxc3 Nc6 5. Nf3 e6 6. Bc4 Qc7 7. Qe2 d6 8.
O-O Nf6 9. Rd1 a6 10. Be3 Be7 11. Rac1 O-O 12. Nd4 Rd8 13. Rd2 Bd7 14. Nxc6
Bxc6 15. f3 b5 16. Bb3 Qb7 17. Bg5 Rac8 18. Rcd1 Qa7+ 19. Kh1 Qc7 20. Qe3 h6
21. Bxf6 Bxf6 22. Ne2 a5 23. a3 Qb7 24. Rxd6 Rxd6 25. Rxd6 Bxb2 26. Ba2 Qe7 27.
Rd3 b4 28. axb4 axb4 29. Rb3 Ba3 30. Nd4 Bxe4 31. h3 Bd5 32. Rxa3 bxa3 33. Bxd5
Qb4 34. Bb3 Rc3 35. Qe4 Rxb3 36. Nxb3 Qxb3 37. Qa8+ Kh7 38. Qe4+ g6 39. Qf4
Qb1+ 40. Kh2 Qf5 41. Qa4 Qe5+ 42. f4 Qb2 43. Qd7 Kg7 44. f5 exf5 0-1

[Event "Korosztályos Bajnokság u12f"]
[Site "Balatonlelle"]
[Date "2015.06.21"]
[Round "5.15"]
[White "Lakatos, Tamas"]
[Black "Fodor, Kornel"]
[Result "1/2-1/2"]
[WhiteElo "1559"]
[BlackElo "1423"]
[PlyCount "101"]
[EventDate "2015.06.18"]
[EventType "swiss"]
[EventRounds "9"]
[EventCountry "HUN"]

1. e4 c5 2. Nf3 Nc6 3. Bb5 g6 4. Bxc6 bxc6 5. h3 Bg7 6. c3 d5 7. Qe2 Nf6 8. d3
Ba6 9. Qe3 Qb6 10. Nbd2 e6 11. O-O O-O 12. b3 dxe4 13. Nxe4 Nxe4 14. Qxe4 Bxc3
15. Rb1 Rfd8 16. Rd1 Qb4 17. Be3 Qxe4 18. dxe4 Bd3 19. Rbc1 Bb4 20. e5 Rd5 21.
Ra1 Ba3 22. Bc1 Bxc1 23. Raxc1 Rc8 24. Rc3 Be2 25. Rdc1 Bxf3 26. gxf3 Rxe5 27.
Rxc5 Rxc5 28. Rxc5 Kf8 29. Ra5 Rc7 30. Kg2 Ke7 31. Kg3 Kd7 32. b4 Kc8 33. Kf4
f6 34. Ke4 Rd7 35. h4 Kb7 36. h5 g5 37. f4 g4 38. b5 Rc7 39. f5 e5 40. bxc6+
Rxc6 41. Kd5 Rc2 42. Ke6 Rxf2 43. Kxf6 g3 44. Rxe5 g2 45. Re7+ Kc6 46. Rg7 Kd6
47. a3 h6 48. Rg4 a5 49. Rg6 a4 50. Kg7+ Ke5 51. f6 1/2-1/2

[Event "Korosztályos Bajnokság u12f"]
[Site "Balatonlelle"]
[Date "2015.06.21"]
[Round "5.16"]
[White "Sagi, Kornel"]
[Black "Forgacs, Attila Jr"]
[Result "1-0"]
[WhiteElo "1545"]
[BlackElo "1372"]
[PlyCount "69"]
[EventDate "2015.06.18"]
[EventType "swiss"]
[EventRounds "9"]
[EventCountry "HUN"]

1. e4 e5 2. Nf3 Nc6 3. Bc4 Nf6 4. Ng5 d5 5. exd5 Nd4 6. c3 b5 7. cxd4 bxc4 8.
dxe5 Nxd5 9. Nf3 Bg4 10. O-O Bc5 11. Qa4+ Qd7 12. Qxc4 Bxf3 13. gxf3 Bb6 14.
Nc3 Ne7 15. Qe4 O-O 16. Rd1 Rad8 17. d3 f5 18. Qc4+ Kh8 19. b3 Qe8 20. Ba3 Rd4
21. Qe6 Ng6 22. Qxe8 Rxe8 23. Ne2 Rh4 24. d4 Nf4 25. Ng3 Nh3+ 26. Kg2 f4 27.
Ne4 Re6 28. Bc5 Rg6+ 29. Kf1 Rg1+ 30. Ke2 Rg2 31. Bxb6 axb6 32. d5 Rh5 33. d6
Rxe5 34. d7 Rxf2+ 35. Ke1 1-0

[Event "Korosztályos Bajnokság u12f"]
[Site "Balatonlelle"]
[Date "2015.06.21"]
[Round "5.18"]
[White "Bako, Martin"]
[Black "Kiraly, Barnabas"]
[Result "1/2-1/2"]
[WhiteElo "1421"]
[BlackElo "1442"]
[PlyCount "92"]
[EventDate "2015.06.18"]
[EventType "swiss"]
[EventRounds "9"]
[EventCountry "HUN"]

1. e4 e5 2. Nc3 Nc6 3. Bc4 Nf6 4. d3 Bb4 5. Nge2 d5 6. exd5 Nxd5 7. Bd2 Be6 8.
Nxd5 Bxd2+ 9. Qxd2 Bxd5 10. Bxd5 Qxd5 11. Qg5 O-O 12. O-O Rae8 13. h4 Re6 14.
Nf4 h6 15. Qxg7+ Kxg7 16. Nxd5 Rd6 17. Ne3 f5 18. f4 exf4 19. Rxf4 Rdf6 20.
Raf1 Kg6 21. g4 fxg4 22. Rxf6+ Rxf6 23. Rxf6+ Kxf6 24. Nxg4+ Kg6 25. Kg2 Nd4
26. c3 Nf5 27. Kh3 Kf7 28. Ne5+ Kf6 29. Nf3 Ne3 30. b3 Nd5 31. c4 Nb4 32. Kg4
Nxd3 33. Kh5 Kg7 34. Nd4 Nc1 35. Ne6+ Kh7 36. Nxc7 Nxa2 37. Nb5 Nc1 38. b4 Nd3
39. Nxa7 Nxb4 40. Nb5 Nc6 41. Nd6 Na5 42. c5 Kg7 43. Nf5+ Kh7 44. Nxh6 Nb3 45.
Nf7 Nxc5 46. Nd6 b6 1/2-1/2

[Event "Korosztályos Bajnokság u12f"]
[Site "Balatonlelle"]
[Date "2015.06.21"]
[Round "5.19"]
[White "Csepeli, Martin"]
[Black "Fabian, Bence"]
[Result "1/2-1/2"]
[WhiteElo "1227"]
[BlackElo "1427"]
[PlyCount "84"]
[EventDate "2015.06.18"]
[EventType "swiss"]
[EventRounds "9"]
[EventCountry "HUN"]

1. e4 c6 2. d4 d5 3. Nc3 dxe4 4. Nxe4 Bf5 5. Ng3 Bg6 6. h4 h6 7. h5 Bh7 8. Nf3
Nf6 9. Bd3 Bxd3 10. Qxd3 e6 11. Bf4 Bd6 12. Bxd6 Qxd6 13. O-O-O Nbd7 14. Qb3
O-O-O 15. Qa4 Kb8 16. Rd3 Nb6 17. Qa5 Qd5 18. Qxd5 Nfxd5 19. Ne5 Rhf8 20. Rf3
Nf6 21. Ne2 Nbd7 22. Ng3 Nxe5 23. dxe5 Nd7 24. Re3 Nb6 25. b3 Rd5 26. c4 Rc5
27. Rd1 Kc7 28. f4 Nd5 29. Rf3 b5 30. Ne4 Kb6 31. Nxc5 Kxc5 32. cxd5 cxd5 33.
Rc3+ Kb6 34. Kb2 b4 35. Rg3 Rg8 36. a3 a5 37. axb4 axb4 38. Ra1 Kc5 39. Ra7 Kd4
40. Rxf7 Ke4 41. Rf3 d4 42. Rb7 g5 1/2-1/2

[Event "Korosztályos Bajnokság u12f"]
[Site "Balatonlelle"]
[Date "2015.06.22"]
[Round "6.1"]
[White "Krstulovic, Alex"]
[Black "Losonczi, Marcell"]
[Result "1-0"]
[WhiteElo "2210"]
[BlackElo "1672"]
[PlyCount "69"]
[EventDate "2015.06.18"]
[EventType "swiss"]
[EventRounds "9"]
[EventCountry "HUN"]
[WhiteClock "0:21:49"]
[BlackClock "0:14:19"]

1. d4 Nf6 2. c4 c5 3. d5 a6 4. a4 e6 5. Nc3 exd5 6. cxd5 d6 7. Nf3 g6 8. Nd2
Nbd7 9. e4 Bg7 10. Be2 O-O 11. O-O Re8 12. f3 Rb8 13. a5 Qe7 14. Ra3 h5 15. Nc4
Ne5 16. Bg5 Nxc4 17. Bxc4 Qf8 18. Qe1 Nh7 19. Be3 Bh6 20. Bxh6 Qxh6 21. Qg3 g5
22. Raa1 Kh8 23. Rae1 h4 24. Qf2 f6 25. Rb1 Rg8 26. h3 Nf8 27. b4 cxb4 28. Rxb4
Ng6 29. Ne2 Nf4 30. Kh2 Nxe2 31. Bxe2 Ra8 32. Rb6 Qf8 33. f4 Kg7 34. fxg5 fxg5
35. Qd4+ 1-0

[Event "Korosztályos Bajnokság u12f"]
[Site "Balatonlelle"]
[Date "2015.06.22"]
[Round "6.2"]
[White "Persanyi, Barnabas"]
[Black "Karacsonyi, Gellert"]
[Result "0-1"]
[WhiteElo "2032"]
[BlackElo "2033"]
[PlyCount "56"]
[EventDate "2015.06.18"]
[EventType "swiss"]
[EventRounds "9"]
[EventCountry "HUN"]
[WhiteClock "0:52:34"]
[BlackClock "0:23:06"]

1. e4 e6 2. d4 d5 3. exd5 exd5 4. Nf3 Bd6 5. c4 Nf6 6. Bd3 dxc4 7. Bxc4 O-O 8.
O-O Bg4 9. Nc3 Nc6 10. Be3 h6 11. a3 a5 12. Ba2 Qd7 13. Bb1 Ne7 14. Ne4 Nxe4
15. Bxe4 f5 16. Bxb7 Ra7 17. Qb3+ Kh8 18. d5 a4 19. Bc6 Nxc6 20. dxc6 Qxc6 21.
Nd4 Bxh2+ 22. Kh1 Qg6 23. Qb4 Bd6 24. Qxd6 cxd6 25. Ne6 Qxe6 26. Bxa7 Qe7 27.
Bd4 Qh4+ 28. Kg1 Bf3 0-1

[Event "Korosztályos Bajnokság u12f"]
[Site "Balatonlelle"]
[Date "2015.06.22"]
[Round "6.3"]
[White "Leszko, Bence"]
[Black "Kovacsy, Barnabas"]
[Result "1/2-1/2"]
[WhiteElo "1888"]
[BlackElo "1898"]
[PlyCount "57"]
[EventDate "2015.06.18"]
[EventType "swiss"]
[EventRounds "9"]
[EventCountry "HUN"]
[WhiteClock "1:19:05"]
[BlackClock "0:54:44"]

1. Nf3 Nf6 2. g3 g6 3. Bg2 Bg7 4. O-O O-O 5. d4 d5 6. b3 c6 7. Bb2 Bg4 8. Ne5
Bf5 9. Nd2 Nbd7 10. Ndf3 Nxe5 11. Nxe5 Nd7 12. Nxd7 Qxd7 13. c4 Rfd8 14. e3 Bh3
15. cxd5 Bxg2 16. Kxg2 cxd5 17. Rc1 Rac8 18. Qd2 e6 19. Rxc8 Rxc8 20. Rc1 Bf8
21. Rc3 Rxc3 22. Qxc3 Qc6 23. Qxc6 bxc6 24. Bc3 Bd6 25. a4 Kf8 26. Kf1 Ke7 27.
Ke2 a6 28. Kd3 Kd7 29. f3 1/2-1/2

[Event "Korosztályos Bajnokság u12f"]
[Site "Balatonlelle"]
[Date "2015.06.22"]
[Round "6.4"]
[White "Bakos, Balazs"]
[Black "Kelemen, Szabolcs"]
[Result "1/2-1/2"]
[WhiteElo "1769"]
[BlackElo "1781"]
[PlyCount "60"]
[EventDate "2015.06.18"]
[EventType "swiss"]
[EventRounds "9"]
[EventCountry "HUN"]

1. e4 c5 2. Nf3 Nc6 3. d4 cxd4 4. Nxd4 g6 5. c4 Nf6 6. Nc3 d6 7. Be2 Nxd4 8.
Qxd4 Bg7 9. Be3 O-O 10. Qd3 a5 11. Qd2 a4 12. f3 Be6 13. Rc1 Qa5 14. Nb5 Qxd2+
15. Kxd2 Rfc8 16. Rhd1 Nd7 17. Nd4 Nc5 18. Nxe6 Nxe6 19. Rc2 Nc5 20. Bxc5 Rxc5
21. Kc1 Rac8 22. Rd5 R5c6 23. Rb5 b6 24. Rb4 Ra8 25. Rb5 a3 26. b3 Rb8 27. Bd3
Rc5 28. Kd2 Bh6+ 29. Ke2 Bf4 30. h3 Be5 1/2-1/2

[Event "Korosztályos Bajnokság u12f"]
[Site "Balatonlelle"]
[Date "2015.06.22"]
[Round "6.5"]
[White "Hegedus, Dominik"]
[Black "Dibusz, Domonkos"]
[Result "1-0"]
[WhiteElo "1847"]
[BlackElo "1656"]
[PlyCount "109"]
[EventDate "2015.06.18"]
[EventType "swiss"]
[EventRounds "9"]
[EventCountry "HUN"]

1. e4 e5 2. Nf3 Nc6 3. Bb5 a6 4. Ba4 Nf6 5. O-O Be7 6. Re1 b5 7. Bb3 d6 8. c3
Na5 9. Bc2 c5 10. d3 O-O 11. Nbd2 Re8 12. h3 Bf8 13. Nf1 g6 14. g4 Bg7 15. Ng3
Be6 16. Be3 Rc8 17. Qd2 Nc6 18. Bh6 d5 19. Bxg7 Kxg7 20. g5 Nd7 21. h4 dxe4 22.
Nxe4 Bd5 23. d4 Qc7 24. dxc5 Bxe4 25. Bxe4 Nxc5 26. Bxc6 Qxc6 27. Nxe5 Qc7 28.
Ng4 Rcd8 29. Nf6 Re6 30. Rxe6 Nxe6 31. Qe3 Qd6 32. Re1 Qc7 33. Qf3 Qf4 34. Qxf4
Nxf4 35. Re8 Rxe8 36. Nxe8+ Kf8 37. Nc7 Nd3 38. Nxa6 Nxb2 39. Nc7 Na4 40. Nxb5
Ke7 41. Kg2 Ke6 42. Kf3 Ke5 43. Ke3 Nb6 44. Nc7 Kf5 45. Kf3 Na4 46. Nb5 Nb6 47.
a3 Ke5 48. Nc7 Na4 49. Nb5 Nc5 50. c4 Na4 51. Ke3 Nc5 52. f4+ Kf5 53. Nd6+ Ke6
54. Ne4 Na4 55. Nf6 1-0

[Event "Korosztályos Bajnokság u12f"]
[Site "Balatonlelle"]
[Date "2015.06.22"]
[Round "6.6"]
[White "Toth, Abel Levente"]
[Black "Csajbok, Levente Tamas"]
[Result "1-0"]
[WhiteElo "1782"]
[BlackElo "1586"]
[PlyCount "49"]
[EventDate "2015.06.18"]
[EventType "swiss"]
[EventRounds "9"]
[EventCountry "HUN"]

1. e4 e5 2. Nf3 Nc6 3. Bc4 Nf6 4. d3 d5 5. exd5 Nxd5 6. O-O Bg4 7. c3 Nb6 8.
Bxf7+ Kxf7 9. Ng5+ Kg8 10. Qxg4 Qd7 11. Qxd7 Nxd7 12. f4 h6 13. Ne4 Rd8 14.
fxe5 Ndxe5 15. d4 Nc4 16. b3 Nb6 17. Ba3 Bxa3 18. Nxa3 a6 19. Rae1 Nd7 20. Nc4
Kh7 21. Ne3 Ne7 22. Ng4 Ng6 23. Rf7 Rhf8 24. Ref1 Rfe8 25. Nef6+ 1-0

[Event "Korosztályos Bajnokság u12f"]
[Site "Balatonlelle"]
[Date "2015.06.22"]
[Round "6.7"]
[White "Geher, Koppany"]
[Black "Ongut, Tamas Gunes"]
[Result "0-1"]
[WhiteElo "1615"]
[BlackElo "1703"]
[PlyCount "60"]
[EventDate "2015.06.18"]
[EventType "swiss"]
[EventRounds "9"]
[EventCountry "HUN"]

1. e4 e6 2. Nf3 d5 3. Nc3 Nf6 4. e5 Nfd7 5. d4 a6 6. Bd3 c5 7. dxc5 Bxc5 8. Bf4
f6 9. exf6 Nxf6 10. O-O O-O 11. Bg3 Nc6 12. a3 Nh5 13. Qd2 Nxg3 14. hxg3 Be7
15. Rae1 Bd7 16. Ne5 Bd6 17. Nxd7 Qxd7 18. Qe2 Rf6 19. Qg4 Ne5 20. Qd4 Nxd3 21.
Qxd3 Raf8 22. f4 Bc5+ 23. Rf2 Qc6 24. Kf1 Bxf2 25. Kxf2 Qc5+ 26. Kf3 g5 27. Rh1
Rf5 28. g4 Rxf4+ 29. Kg3 Qf2+ 30. Kh2 Rf3 0-1

[Event "Korosztályos Bajnokság u12f"]
[Site "Balatonlelle"]
[Date "2015.06.22"]
[Round "6.8"]
[White "Forgacs, Andras"]
[Black "Ronai, Akos Balazs"]
[Result "1-0"]
[WhiteElo "1699"]
[BlackElo "1607"]
[PlyCount "67"]
[EventDate "2015.06.18"]
[EventType "swiss"]
[EventRounds "9"]
[EventCountry "HUN"]

1. Nf3 d5 2. g3 Nf6 3. Bg2 Bf5 4. d3 Nbd7 5. O-O e6 6. Bg5 Be7 7. Nbd2 O-O 8.
c4 c6 9. Nh4 Bg6 10. Nxg6 hxg6 11. a3 Ne8 12. Bxe7 Qxe7 13. b4 f6 14. Qc2 Kf7
15. e4 dxe4 16. Nxe4 Nd6 17. c5 Nxe4 18. dxe4 Rad8 19. f4 f5 20. e5 Nb8 21.
Rad1 Na6 22. Qa4 g5 23. Rd6 gxf4 24. gxf4 g5 25. Bxc6 Nxc5 26. bxc5 bxc6 27.
Qxc6 gxf4 28. Qf3 Qg5+ 29. Kh1 Rxd6 30. cxd6 Rg8 31. Qb7+ Ke8 32. Rc1 Qd8 33.
Rc8 f3 34. Qe7# 1-0

[Event "Korosztályos Bajnokság u12f"]
[Site "Balatonlelle"]
[Date "2015.06.22"]
[Round "6.9"]
[White "Bartok, David Dominik"]
[Black "Erseki, Aron"]
[Result "1/2-1/2"]
[WhiteElo "1560"]
[BlackElo "1686"]
[PlyCount "60"]
[EventDate "2015.06.18"]
[EventType "swiss"]
[EventRounds "9"]
[EventCountry "HUN"]

1. e4 c5 2. c3 d5 3. exd5 Qxd5 4. d4 Nc6 5. Be3 Bf5 6. Nf3 O-O-O 7. Nbd2 e6 8.
Nc4 Nf6 9. Nce5 Nxe5 10. Nxe5 Bg6 11. Nf3 cxd4 12. cxd4 Bb4+ 13. Bd2 Bxd2+ 14.
Qxd2 Kb8 15. Be2 Rc8 16. b3 Rhd8 17. Qf4+ Qd6 18. Qxd6+ Rxd6 19. Bc4 Bh5 20.
Ne5 Rxd4 21. O-O Re4 22. Rfe1 Rxe1+ 23. Rxe1 Rd8 24. f3 Nd7 25. Rd1 Kc7 26.
Nxd7 Rxd7 27. Rxd7+ Kxd7 28. Kf2 Kd6 29. b4 Bg6 30. Ke3 b6 {Ke4 Ke5+} 1/2-1/2

[Event "Korosztályos Bajnokság u12f"]
[Site "Balatonlelle"]
[Date "2015.06.22"]
[Round "6.10"]
[White "Karko, Balint"]
[Black "Pal, Istvan"]
[Result "1-0"]
[WhiteElo "1290"]
[BlackElo "1591"]
[PlyCount "111"]
[EventDate "2015.06.18"]
[EventType "swiss"]
[EventRounds "9"]
[EventCountry "HUN"]

1. e4 c5 2. Ne2 Nc6 3. c4 e5 4. Nbc3 Nf6 5. g3 Be7 6. Bg2 O-O 7. d3 d6 8. O-O
Bg4 9. h3 Be6 10. f4 exf4 11. Nxf4 Qd7 12. Be3 Ne8 13. Ncd5 f5 14. Nxe6 Qxe6
15. Nxe7+ Nxe7 16. Qe2 Nf6 17. Bf4 Ng6 18. a3 Rfe8 19. Bg5 Nd7 20. Rae1 fxe4
21. Bxe4 Qe5 22. Bd5+ Kh8 23. Qg4 Qd4+ 24. Qxd4 cxd4 25. Bxb7 Rxe1 26. Bxa8
Rxf1+ 27. Kxf1 Nde5 28. Ke2 Kg8 29. Be4 Kf7 30. b4 Ke6 31. Kf2 Ne7 32. Bxe7
Kxe7 33. g4 h6 34. Kg3 g5 35. h4 Kd8 36. a4 Kc7 37. a5 Kb8 38. b5 Kc7 39. hxg5
hxg5 40. Bf5 Kb8 41. Kf2 a6 42. Ke2 Kb7 43. Kd1 axb5 44. cxb5 Ka7 45. Kc2 Nf3
46. Kb3 Nd2+ 47. Kc2 Nf3 48. Be4 Ne5 49. Bf5 Nf3 50. Kb3 Nd2+ 51. Kb4 Kb7 52.
Be4+ Ka7 53. b6+ Ka6 54. Bf5 Kb7 55. Kb5 Nb3 56. a6+ 1-0

[Event "Korosztályos Bajnokság u12f"]
[Site "Balatonlelle"]
[Date "2015.06.22"]
[Round "6.11"]
[White "Szilagyi, Norbert"]
[Black "Varga, Boldizsar"]
[Result "1-0"]
[WhiteElo "1634"]
[BlackElo "1267"]
[PlyCount "75"]
[EventDate "2015.06.18"]
[EventType "swiss"]
[EventRounds "9"]
[EventCountry "HUN"]

1. e4 c5 2. Nf3 Nc6 3. d4 cxd4 4. Nxd4 Nf6 5. Nc3 d6 6. Bc4 e6 7. Bb3 a6 8. f3
Be7 9. Be3 Qc7 10. Qd2 O-O 11. Rd1 Rd8 12. O-O b5 13. Qf2 Rb8 14. Rd2 Na5 15.
Rfd1 Nxb3 16. cxb3 Rd7 17. h3 Bb7 18. Rc2 Qd8 19. Rcd2 d5 20. e5 Ne8 21. f4 Bb4
22. f5 Qe7 23. Rf1 Rc8 24. f6 Qf8 25. Rd3 Kh8 26. Qh4 Qg8 27. fxg7+ Qxg7 28. a3
Be7 29. Qh5 Qg6 30. Qxg6 fxg6 31. Nxe6 Ng7 32. Nxg7 Kxg7 33. e6 Rdc7 34. Rf7+
Kg8 35. Nxd5 Bxd5 36. Rxd5 Bf8 37. Rxc7 Rxc7 38. Rd7 1-0

[Event "Korosztályos Bajnokság u12f"]
[Site "Balatonlelle"]
[Date "2015.06.22"]
[Round "6.12"]
[White "Csontos, David"]
[Black "Follardt, Lorinc"]
[Result "1/2-1/2"]
[WhiteElo "1602"]
[BlackElo "1498"]
[PlyCount "32"]
[EventDate "2015.06.18"]
[EventType "swiss"]
[EventRounds "9"]
[EventCountry "HUN"]

1. e4 e5 2. Nf3 Nc6 3. Bb5 Be7 4. O-O a6 5. Ba4 b5 6. Bb3 Nf6 7. Re1 d6 8. d4
exd4 9. Nxd4 Nxd4 10. Qxd4 Bb7 11. c4 O-O 12. Nc3 c6 13. a3 Qc7 14. Re3 Ng4 15.
Rg3 Bf6 16. Qd1 Nxf2 1/2-1/2

[Event "Korosztályos Bajnokság u12f"]
[Site "Balatonlelle"]
[Date "2015.06.22"]
[Round "6.13"]
[White "Sagi, Kornel"]
[Black "Palczert, Botond"]
[Result "1-0"]
[WhiteElo "1545"]
[BlackElo "1614"]
[PlyCount "45"]
[EventDate "2015.06.18"]
[EventType "swiss"]
[EventRounds "9"]
[EventCountry "HUN"]

1. e4 e6 2. d4 d5 3. Nc3 Bb4 4. e5 c5 5. Bd2 a6 6. a3 Ba5 7. dxc5 d4 8. Ne4
Bxd2+ 9. Qxd2 Ne7 10. Nd6+ Kf8 11. Qxd4 Qc7 12. Nf3 Nbc6 13. Qd2 Nf5 14. Rd1
Bd7 15. Nxf5 Nxe5 16. Nxe5 Qxe5+ 17. Ne3 Bc6 18. Qd6+ Qxd6 19. Rxd6 Ke7 20. Be2
b6 21. Rxc6 bxc5 22. Rxc5 Rhd8 23. O-O 1-0

[Event "Korosztályos Bajnokság u12f"]
[Site "Balatonlelle"]
[Date "2015.06.22"]
[Round "6.15"]
[White "Blahota, Marcell"]
[Black "Baski, Barnabas"]
[Result "1/2-1/2"]
[WhiteElo "1472"]
[BlackElo "1419"]
[PlyCount "83"]
[EventDate "2015.06.18"]
[EventType "swiss"]
[EventRounds "9"]
[EventCountry "HUN"]

1. e4 e6 2. d4 d5 3. Nc3 Bb4 4. exd5 exd5 5. Bd2 Nf6 6. Nf3 Bf5 7. a3 Bxc3 8.
Bxc3 O-O 9. Bd3 Re8+ 10. Ne5 Bxd3 11. Qxd3 Nbd7 12. O-O c6 13. Nxd7 Qxd7 14. f3
Re6 15. Rfe1 Rae8 16. Kf2 Qc7 17. g3 b6 18. Rad1 Rxe1 19. Rxe1 Rxe1 20. Kxe1
Qe7+ 21. Qe2 Qe6 22. Qxe6 fxe6 23. b4 b5 24. Bd2 Nd7 25. Bf4 Nb6 26. Ke2 Nc4
27. Bc1 Kf7 28. g4 Kf6 29. h4 Ke7 30. c3 Kd7 31. Kf2 Ke7 32. Kg3 Kf7 33. Kf4 h6
34. g5 h5 35. Kg3 g6 36. Kf2 Ke7 37. Ke2 Kd7 38. Kd3 Kc7 39. Bf4+ Kb6 40. Bc1
Nd6 41. Bd2 Nf5 42. Be1 1/2-1/2

[Event "Korosztályos Bajnokság u12f"]
[Site "Balatonlelle"]
[Date "2015.06.22"]
[Round "6.16"]
[White "Fodor, Kornel"]
[Black "Kratzmajer, Akos Gyorgy"]
[Result "1-0"]
[WhiteElo "1423"]
[BlackElo "1434"]
[PlyCount "81"]
[EventDate "2015.06.18"]
[EventType "swiss"]
[EventRounds "9"]
[EventCountry "HUN"]

1. c4 e6 2. e4 Bc5 3. d4 Bb4+ 4. Bd2 Bxd2+ 5. Qxd2 d5 6. Nc3 dxe4 7. Nxe4 Nf6
8. Nxf6+ Qxf6 9. Nf3 Nd7 10. Be2 b6 11. O-O O-O 12. Rac1 c5 13. Rc3 Bb7 14. Rd1
cxd4 15. Qxd4 Qxd4 16. Rxd4 Nf6 17. Ne5 Rfd8 18. Rcd3 Rxd4 19. Rxd4 Kf8 20. Bf3
Bxf3 21. Nxf3 Ke8 22. Kf1 Rd8 23. Rxd8+ Kxd8 24. Ke2 h6 25. Ne5 Ke8 26. b4 Nd7
27. Nc6 a6 28. Kd3 Nf6 29. Nb8 a5 30. bxa5 bxa5 31. a4 Nd7 32. Nc6 Nc5+ 33. Kd4
Nxa4 34. Nxa5 Kd7 35. c5 Kc7 36. Kc4 e5 37. Kd5 e4 38. Nb3 g6 39. Kxe4 Kc6 40.
Ke5 Nc3 41. Kf6 1-0